Protocolos de los Escribanos de Santiago: primeros fragmentos, 1559 y 1564-1566

Saved in:
Bibliografiske detaljer
Hovedforfatter: Jara Hantke, Álvaro (Author)
Andre forfattere: Mellafe Rojas, Rolando Bernardo (autor)
Format: Bog
Sprog:spansk
Udgivet: Santiago, Chile Dirección Bibliotecas, Archivos y Museos 1996
Serier:Fuentes para el Estudio de la Colonia
Fag:
Tags: Tilføj Tag
Ingen Tags, Vær først til at tagge denne postø!

MARC

LEADER 00000nam a2200000 a 4500
001 UCT7237
003 CL-VaPUC
005 20211118165417.0
008 970117e19960000CL |||||||||||||||||spa|d
999 |c 255892  |d 255890 
020 |a 9562440494 (o.c) 
020 |a 9562440508 (v.1) 
020 |a 9562440516 (v.2) 
040 |c Pontificia Universidad Católica de Valparaíso 
082 0 4 |a 983.02 JAR 1996  |2 21 
100 |a Jara Hantke, Álvaro  |e author  |9 559230 
245 1 0 |a Protocolos de los Escribanos de Santiago:  |b  primeros fragmentos, 1559 y 1564-1566 
260 |a Santiago, Chile  |b Dirección Bibliotecas, Archivos y Museos  |c 1996 
300 |a 2 volúmenes 
490 0 |a Fuentes para el Estudio de la Colonia 
500 |a v.1: Legajo 1, 1559; Legajo 2, 1564-1565 
500 |a v.2: Legajo 2, 1565-1566 
583 |a last modification  |c 19970117 00:00:00  |k Rodrigo Vera 
650 7 |a HISTORIA DE CHILE  |2 CL-VaPUC  |9 266637  |y SIGLO 16 
700 |a Mellafe Rojas, Rolando Bernardo  |e autor  |9 617190 
852 |a BIBCUR 
942 |c BK  |2 ddc 
945 |d 19970117 00:00:00  |a rbrito 
952 |0 0  |1 0  |2 ddc  |4 0  |6 983_020000000000000_JAR_1996  |7 0  |8 A  |9 278358  |a BIBHIS  |b BIBHIS  |d 2019-11-19  |h v.1  |i 3282554  |o 983.02 JAR 1996  |p 3282554  |r 2025-01-20  |t 2  |w 2019-11-19  |y BK  |k HIS 
952 |0 0  |1 0  |2 ddc  |4 0  |6 983_020000000000000_JAR_1996  |7 0  |8 A  |9 278359  |a BIBHIS  |b BIBHIS  |d 2019-11-19  |h v.2  |i 3282562  |o 983.02 JAR 1996  |p 3282562  |r 2025-01-20  |t 2  |w 2019-11-19  |y BK  |k HIS 
952 |0 0  |1 0  |2 ddc  |4 0  |6 983_020000000000000_JAR_1996  |7 0  |8 A  |9 278360  |a BIBHIS  |b BIBHIS  |d 2019-11-19  |h v.1  |i 392551K  |o 983.02 JAR 1996  |p 392551K  |r 2025-01-20  |t 3  |w 2019-11-19  |y BK  |k HIS 
952 |0 0  |1 0  |2 ddc  |4 0  |6 983_020000000000000_JAR_1996  |7 0  |8 A  |9 278361  |a BIBHIS  |b BIBHIS  |d 2019-11-19  |h v.2  |i 3925528  |o 983.02 JAR 1996  |p 3925528  |r 2025-01-20  |t 3  |w 2019-11-19  |y BK  |k HIS 
952 |0 0  |1 0  |2 ddc  |4 0  |6 983_020000000000000_JAR_1996  |7 0  |8 A  |9 278362  |a BIBDER  |b BIBDER  |d 2019-11-19  |h v.1  |i 466048K  |o 983.02 JAR 1996  |p 466048K  |r 2023-01-25  |t 1  |w 2019-11-19  |y BK  |k DER 
952 |0 0  |1 0  |2 ddc  |4 0  |6 983_020000000000000_JAR_1996  |7 0  |8 A  |9 278363  |a BIBDER  |b BIBDER  |d 2019-11-19  |h v.2  |i 4660498  |o 983.02 JAR 1996  |p 4660498  |r 2023-01-25  |t 1  |w 2019-11-19  |y BK  |k DER